À la rencontre de Ravel : voix croisées Karol Beffa, En avant la musique ! Maurice Ravel, Éditions des Équateurs, 2025, 208 pages, 14 €. Maurice Ravel, Correspondance, écrits et entretiens, édition de Manuel Cornejo, coffret de deux volumes, 2 000 lettres et cartes, 147 écrits, dont 28 articles et 80 entretiens, Gallimard, « Tel », 2025, 2 934 pages, 32 €. (notice n° 1562186)
[ vue normale ]
| 000 -LEADER | |
|---|---|
| fixed length control field | 00790cam a2200145 4500500 |
| 005 - DATE AND TIME OF LATEST TRANSACTION | |
| control field | 20251109010953.0 |
| 041 ## - LANGUAGE CODE | |
| Language code of text/sound track or separate title | fre |
| 042 ## - AUTHENTICATION CODE | |
| Authentication code | dc |
| 100 10 - MAIN ENTRY--PERSONAL NAME | |
| Personal name | Skoric, Arthur |
| Relator term | author |
| 245 00 - TITLE STATEMENT | |
| Title | À la rencontre de Ravel : voix croisées Karol Beffa, En avant la musique ! Maurice Ravel, Éditions des Équateurs, 2025, 208 pages, 14 €. Maurice Ravel, Correspondance, écrits et entretiens, édition de Manuel Cornejo, coffret de deux volumes, 2 000 lettres et cartes, 147 écrits, dont 28 articles et 80 entretiens, Gallimard, « Tel », 2025, 2 934 pages, 32 €. |
| 260 ## - PUBLICATION, DISTRIBUTION, ETC. | |
| Date of publication, distribution, etc. | 2025.<br/> |
| 500 ## - GENERAL NOTE | |
| General note | 25 |
| 786 0# - DATA SOURCE ENTRY | |
| Note | Études | 4331 | 11 | 2025-11-03 | p. 119-120 | 0014-1941 |
| 856 41 - ELECTRONIC LOCATION AND ACCESS | |
| Uniform Resource Identifier | <a href="https://shs.cairn.info/revue-etudes-2025-11-page-119?lang=fr&redirect-ssocas=7080">https://shs.cairn.info/revue-etudes-2025-11-page-119?lang=fr&redirect-ssocas=7080</a> |
Pas d'exemplaire disponible.




Réseaux sociaux